Representative list of the intangible cultural heritage of Slovakia register of best safeguarding practices in Slovakia

Bibliographic Details
Other Authors: Hamar, Juraj, 1965- (Compiler), Ryšavá, Eva, 1937- (Compiler), Voľanská, Ľubica (Compiler), Bakaljarová, Helena (Photographer), Danglová, Oľga, 1941- (Photographer), Darulová, Jolana, 1951- (Photographer), Fratričová, Oľga (Photographer), Garai, Marian (Photographer), Gembický, Juraj, 1977- (Photographer), Grebeči, Dávid (Photographer), Grebeči, Martin (Photographer), Gulášová, Veronika (Photographer), Janšto, Martin (Photographer)
Format: Book
Language:English
PhysicalDescription:34 strán fotografie 24 cm
Published: Bratislava Slovak Intangible Cultural Heritage Centre 2017
Subjects:

MARC

LEADER 00000cam a2200000 4500
001 vtls011742563
003 SK-MaSNL
005 20260426000434.0
008 180220s2017 xo o gr 000 0 eng
015 |a SNBA2018/09 
020 |q (brožované) 
040 |a SNK  |b slo  |c SNK  |e rda 
041 0 |a eng 
043 |a e-xo---7 
044 |a xo  |c SK 
072 7 |a 398  |x Folklór  |2 konspekt 
080 |a 930.85:347.211  |2 1981 
080 |a 398.1  |2 2011 
080 |a (437.6)  |2 2011 
080 |a (036)  |2 2001 
245 0 0 |a Representative list of the intangible cultural heritage of Slovakia  |b register of best safeguarding practices in Slovakia  |c compiled by Juraj Hamar, Eva Ryšavá, Ľubica Voľanská ; photographs: Helena Bakaljarová, Oľga Danglová, Jolana Darulová, Oľga Fratričová, Marian Garai, Juraj Gembický, Dávid Grebeči, Martin Grebeči, Veronika Gulášová, Martin Janšto, Martin Kleibl, P. Kuric, Zuzana Magulová, Karol Plicka, Marcel Pollák, Jana Přykrilová, Milena Slováková, Tibor Szabó, Vladimír Šifra, Ján Tešlár, Vladimír Veverka 
264 1 |a Bratislava  |b Slovak Intangible Cultural Heritage Centre  |c 2017 
300 |a 34 strán  |b fotografie  |c 24 cm 
336 |a text  |b txt  |2 rdacontent 
336 |a statický obraz  |b sti  |2 rdacontent 
337 |a bez média  |b n  |2 rdamedia 
338 |a zväzok  |b nc  |2 rdacarrier 
650 0 7 |a nehmotné kultúrne dedičstvo  |2 SNKPH  |9 222804 
650 0 7 |a ľudové tradície  |2 SNKPH  |9 4960 
650 0 7 |a Intangible cultural heritage  |2 SNKPHeng  |9 367801 
650 0 7 |a Folk traditions  |2 SNKPHeng  |9 313265 
651 7 |a Slovensko  |2 SNKPHgeo  |9 14231 
651 7 |a Slovakia  |2 SNKPHeng  |9 92630 
655 7 |a informačné publikácie  |2 SNKPH  |9 70181 
655 7 |a Information publications  |2 SNKPHeng  |9 265188 
700 1 |a Hamar, Juraj,  |d 1965-  |4 com  |9 9784 
700 1 |a Ryšavá, Eva,  |d 1937-  |4 com  |9 119211 
700 1 |a Voľanská, Ľubica  |4 com  |9 416933 
700 1 |a Bakaljarová, Helena  |4 pht  |9 10746 
700 1 |a Danglová, Oľga,  |d 1941-  |4 pht  |9 23213 
700 1 |a Darulová, Jolana,  |d 1951-  |4 pht  |9 253915 
700 1 |a Fratričová, Oľga  |4 pht  |9 557825 
700 1 |a Garai, Marian  |4 pht  |9 330667 
700 1 |a Gembický, Juraj,  |d 1977-  |4 pht  |9 171993 
700 1 |a Grebeči, Dávid  |4 pht  |9 557826 
700 1 |a Grebeči, Martin  |4 pht  |9 557827 
700 1 |a Gulášová, Veronika  |4 pht  |9 557828 
700 1 |a Janšto, Martin  |4 pht  |9 458761 
999 |c 855765  |d 857695 
952 |a SNK  |b SNK  |y PREZ  |7 0  |p 17A1321041  |o snkOSC 28359  |i snk2018/4467  |8 0  |0 0  |1 0  |4 0  |d 2018-02-20  |l 0  |r 2026-02-24 04:55:47  |w 2026-02-24